000 00601nam a22001577a 4500
999 _c13932
_d13932
008 190523b ||||| |||| 00| 0 eng d
082 _22017
_aUT1313
_bP76
100 _aPoldo, Jenelyn M.
_938799
245 _aTeacher's social connectedness and students' academic performances among grade two student /
_cJenelyn M. Poldo, Jovelyn A. Sacare, and Zesa Mae C. Suan
260 _aDigos City:
_bUMDC,
_cNovember 2017.
300 _a50 pages;
_c30 cm.
650 _aElementary
_xundergraduate thesis.
_938776
700 _aSacare, Jovelyn A.
_938800
700 _aSuan, Zesa Mae C.
_938801
942 _2ddc
_cUT